[Event "XXX Roquetas de Mar Open 2019"]
[Site "Roquetas de Mar"]
[Date "2019.01.07"]
[Round "9"]
[White "Bagi, Mate"]
[Black "Tazbir, Marcin"]
[Result "0-1"]
[WhiteElo "2453"]
[BlackElo "2529"]
[Annotator "TA"]
[PlyCount "122"]
[EventDate "2019.01.02"]
[EventType "swiss"]
[EventCountry "ESP"]
[SourceTitle "playchess.com"]
[Source "ChessBase"]
[SourceQuality "1"]

{[%evp 29,122,-17,-19,-19,-29,-11,-22,-49,-30,-33,-42,-39,-20,-27,16,0,0,10,33,0,18,26,18,25,15,23,18,18,16,17,12,18,16,16,24,14,16,0,0,0,0,0,28,0,0,0,0,0,0,0,0,-6,0,-17,-8,-12,0,0,0,0,0,-18,-18,-18,-18,-18,-17,-12,-12,-75,-11,-221,-214,-278,-274,-329,-326,-316,-163,-262,-260,-294,-291,-593,-586,-29976,-29977,-29980,-29981,-29979,-29980,-29982,-29980,-29973,-5121]} 1. e4 c6 2. d4 d5 3. Nc3 dxe4 4. Nxe4 Bf5 5. Ng3 Bg6 6. h4 h6 7. f4 e6 8. Nf3 Nd7 9. h5 Bh7 10. Bd3 Bxd3 11. Qxd3 Qc7 12. Ne5 {B18: Classical Caro-Kann: 4...Bf5 sidelines} (12. Bd2 O-O-O 13. O-O-O Bd6 14. Rh4 Ngf6 15. Ne4 Nxe4 16. Qxe4 Nf6 17. Qe2 Kb8 18. Ne5 c5 19. Be3 Nd5 20. dxc5 Bxe5 21. fxe5 Nxe3 22. Qxe3 Rxd1+ 23. Kxd1 {1-0 (34) Simacek,P (2498)-Gurevich,D (2460) Ceske Budejovice 2017}) 12... Ngf6 13. Bd2 c5 14. O-O-O cxd4 15. Qxd4 Bc5 {LiveBook: 8 Games} 16. Qa4 O-O 17. Nxd7 Nxd7 18. Ne4 Nb6 19. Qb3 Be7 20. Kb1 Rac8 21. g4 $146 ({Predecessor:} 21. Rc1 Nc4 22. Be3 Rfd8 23. g4 Qc6 24. Ng3 Qf3 {0-1 (24) Jagodzinska,J (2145)-Fornal,A (2110) Konin 1990}) 21... Qc4 22. Rde1 Rfd8 23. Bc1 Rd5 24. f5 Rb5 25. Qxc4 Nxc4 26. b3 Na3+ 27. Bxa3 $1 Bxa3 28. fxe6 fxe6 29. Nf2 Rf8 30. Nd3 Rf6 31. Re4 Bd6 32. c4 Rg5 33. b4 g6 34. c5 Bc7 35. Kc2 Kf7 36. Kc3 gxh5 37. Rxh5 Rxh5 38. gxh5 $11 {[%mdl 4096] Endgame KRB-KRN} Rf5 39. Rh4 Bd8 40. Rh1 Bf6+ 41. Kd2 Ke7 42. Ke3 Kd7 43. a4 a6 44. Ke4 Kc6 45. Rg1 {[#] Threatens to win with Rg6.} Rxh5 {With the idea ...Rh4+.} 46. Rg6 Rh4+ 47. Kf3 $1 Bg5 {aiming for ...Kd5.} 48. Rxe6+ Kd5 49. Rd6+ Kc4 {Hoping for ...Rh3+.} 50. Nf2 $2 (50. Kg2 $1 $11 {and White has nothing to worry.}) 50... Kxb4 $19 51. Nd3+ Kc4 ({Weaker is} 51... Kxa4 52. Rb6 $17) 52. c6 bxc6 53. Ne5+ Kb4 (53... Kc5 $142 54. Rd1 Rf4+ 55. Kg3 Rxa4 56. Nd3+ Kb6 57. Rb1+ Kc7) 54. Rxc6 {[#]} (54. a5 {only move.}) 54... a5 $1 ({Not} 54... Kxa4 55. Rxa6+ Kb5 56. Rg6 $11) 55. Rc2 Kxa4 56. Rc4+ $2 (56. Rc5 {is tougher.}) 56... Kb3 57. Rxh4 Bxh4 {Black mates.} 58. Nd7 Be7 59. Nb6 Bc5 60. Nd7 Ba7 61. Ne5 a4 {Accuracy: White = 40%, Black = 72%.} 0-1

[Event "XXX Roquetas de Mar Open 2019"]
[Site "Roquetas de Mar"]
[Date "2019.01.07"]
[Round "9"]
[White "Larino Nieto, David"]
[Black "Manu David Suthandram R"]
[Result "1-0"]
[WhiteElo "2432"]
[BlackElo "2252"]
[Annotator "TA"]
[PlyCount "157"]
[EventDate "2019.01.02"]
[EventType "swiss"]
[EventCountry "ESP"]
[SourceTitle "playchess.com"]
[Source "ChessBase"]
[SourceQuality "1"]

{[%evp 11,156,6,1,0,11,8,12,14,15,14,21,24,31,-3,42,25,55,49,59,32,72,82,81,76,92,15,26,17,14,18,52,26,131,77,110,85,92,84,128,95,115,107,101,33,38,30,67,48,68,50,59,-82,-88,-72,-76,-75,0,-160,-153,-150,0,0,0,0,0,6,20,15,17,0,21,0,125,118,118,106,108,30,34,24,59,59,58,50,67,68,54,10,88,78,170,140,135,124,128,124,367,363,1196,1196,29962,29960,5632,6597,29973,29974,29980,29969,29977,29974,29977,12791,29978,29979,29982,29980,29982,29983,29974,29972,29985,29984,29987,29988,29988,29989,29989,29990,29991,29992,29992,29992,29993,29994,29994,29995,29996,29994,29994,29995,29997,29997,29998,29998,29998,29999,29999]} 1. Nf3 Nf6 2. b3 e6 3. Bb2 c5 4. e3 Be7 5. c4 Nc6 6. Nc3 {A30: Symmetrical English: Double Fianchetto and Hedgehog} (6. Be2 O-O 7. O-O b6 8. d3 Bb7 9. e4 d6 10. Nbd2 Nd7 11. a3 Bf6 12. Bxf6 Qxf6 13. Rb1 a5 14. Ne1 Nd4 15. f4 {1-0 (54) Edouard,R (2635)-Arkell,K (2499) London 2015}) 6... O-O {LiveBook: 8 Games} 7. Rc1 b6 $146 ({Predecessor:} 7... d5 8. cxd5 exd5 9. Na4 b6 10. d4 Ne4 11. Bb5 {1-0 (54) Muller,L (2173)-Szentmihalyi,T (2001) Budapest 2001}) 8. d4 {The position is equal.} cxd4 9. Nxd4 Nxd4 10. Qxd4 Bb7 11. Bd3 $1 Ne8 12. O-O Bf6 13. Qf4 Qe7 14. Rfd1 $40 {[%mdl 128] White is up to no good.} Rd8 15. Rc2 g6 16. Be4 Ba6 17. Bf3 Bg7 18. g4 (18. e4 $16) 18... d6 19. Ba3 f5 20. g5 Qd7 21. Qg3 Qf7 (21... Be5 $11 22. Qg2 f4) 22. Ne2 (22. Bxd6 $2 Nxd6 23. Qg2 Qe7 $19) (22. Nb5 $142 $1) 22... Qe7 23. Nd4 Bxd4 24. Rxd4 e5 25. Rd1 Bb7 26. Bxb7 Qxb7 27. Rcd2 (27. f4 $16) 27... f4 $14 28. Qg2 f3 29. Qg4 {[%cal Ra3d6]} Rf5 30. h4 $1 {[%cal Ra3d6]} ({Don't play} 30. Bxd6 $6 Nxd6 31. Rxd6 Rxd6 $11) 30... Qe7 31. Kh2 (31. Bc1 $14 {stays ahead.}) 31... h6 $1 $17 32. Rg1 hxg5 33. hxg5 Ng7 ({Black should play} 33... Qh7+ $1 $17 34. Qh3 Rd7) 34. Rg3 $2 (34. Qh3 $11) 34... Nh5 $1 {[%cal Rh5g3]} 35. Rh3 {[%cal Bg3h3,Bh3h4,Bh4e4][%mdl 32] [#] Strongly threatening Rxh5.} Rxg5 (35... e4 $1 $17 36. Kh1 Rxg5) 36. Qxf3 $11 e4 37. Qd1 {[%cal Rd2d6]} Qe5+ 38. Kh1 Qe6 {[%cal Re6h3]} 39. Rh4 {[%cal Rd2d6]} d5 40. cxd5 (40. Bb2 {looks sharper.} Kf7 41. cxd5 Rdxd5 42. Rxd5 Rxd5 43. Qc2) 40... Rdxd5 41. Rxd5 (41. Bb2 {is interesting.} Kf7 42. Rxd5 Rxd5 43. Qc2 Rc5 44. Qxe4 Qxe4+ 45. Rxe4 Rc2 46. Be5) 41... Qxd5 (41... Rxd5 $11 {remains equal.} 42. Qe2 Nf6) 42. Qxd5+ $16 Rxd5 43. Rxe4 $11 {[%mdl 4096] Endgame KRB-KRN} Rd2 44. Kg2 (44. Re8+ $16 Kf7 45. Re7+ Kg8 46. Kg2 (46. Rxa7 Rxf2 47. Bd6 Re2 $16)) 44... Nf6 45. Re6 {Black must now prevent Bb4.} (45. Rf4 {with more complications.} Nd5 46. Rf8+ Kg7 47. Kf3 Rxa2 48. Bd6) 45... Rxa2 46. Rxf6 {aiming for Bb4.} Rxa3 47. Rxg6+ {KR-KR} Kf8 48. b4 Ra4 $1 49. Rc6 Ke8 (49... Rxb4 $11 50. Rc8+ Ke7) 50. b5 Kd8 (50... Kd7 $16 {might work better.}) 51. Rh6 Ra5 52. Rh7 Rxb5 53. Rxa7 Rg5+ $2 (53... Ra5 $16 54. Rh7 (54. Rxa5 $2 bxa5 55. Kf3 a4 $19) 54... Kc8) 54. Kf3 $18 Kc8 $2 {[#]} (54... Rf5+ 55. Ke2 Rh5) 55. Ke4 $1 Rc5 56. f4 b5 57. f5 Rc4+ 58. Kd5 Rc1 59. Ra5 Rb1 60. e4 {[%cal Be3e4,Be4e5][%mdl 32]} b4 61. Rb5 (61. f6 $142 Rd1+ 62. Ke6 Kc7 63. f7 Rd6+ 64. Ke7 Rd7+ 65. Kf6 Rd8 66. e5) 61... b3 62. Ke6 {White mates.} b2 63. e5 Kc7 64. f6 Kc6 65. Rb8 Kc7 66. Rb3 Kd8 67. f7 Rf1 68. Rxb2 Kc7 69. Ke7 Rf5 70. Rc2+ Kb6 71. e6 Kb7 72. f8=Q Rxf8 73. Kxf8 {KR-K} Kb8 74. Ke7 Kb7 75. Kd6 Kb8 76. Rc7 Ka8 77. Kc6 Kb8 78. Kb6 Ka8 79. Rc8# {Accuracy: White = 63%, Black = 37%.} 1-0

[Event "XXX Roquetas de Mar Open 2019"]
[Site "Roquetas de Mar"]
[Date "2019.01.07"]
[Round "9"]
[White "Plazuelo Pascual, Juan"]
[Black "Pap, Misa"]
[Result "0-1"]
[WhiteElo "2416"]
[BlackElo "2481"]
[Annotator "TA"]
[PlyCount "102"]
[EventDate "2019.01.02"]
[EventType "swiss"]
[EventCountry "ESP"]
[SourceTitle "playchess.com"]
[Source "ChessBase"]
[SourceQuality "1"]

{[%evp 21,102,0,0,-5,0,-35,0,-19,-13,-25,-13,-28,-41,-35,-39,-33,-32,-32,-32,-48,-37,-47,0,-6,0,0,0,-35,-42,-50,-33,-75,-74,-72,-63,-75,-52,-85,-81,-93,-98,-112,-108,-157,-157,-141,-143,-141,-128,-163,-156,-150,-138,-139,-135,-193,-179,-172,-110,-78,-62,-178,-176,-251,-244,-295,-295,-308,-287,-326,-320,-351,-339,-352,-350,-1215,-1209,-12834,-11951,-6245,-6079,-2140,-1543]} 1. d4 Nf6 2. c4 e6 3. Nf3 Bb4+ 4. Nbd2 d6 5. a3 Bxd2+ 6. Bxd2 Nbd7 7. Qc2 O-O 8. Bc3 Qe7 9. g3 b6 10. Bg2 Bb7 11. O-O Be4 {LiveBook: 5 Games. E16: Queen's Indian: 4 g3 Bb7 5 Bg2 Bb4+} (11... c5 12. Rad1 Rfd8 13. b4 cxb4 14. axb4 Rdc8 15. Qb3 Ne4 16. Bb2 b5 17. c5 a5 18. Qd3 Ndf6 19. Ba3 axb4 20. Bxb4 dxc5 21. dxc5 {0-1 (60) Soysal,S (2357)-Adly,A (2601) Kahramanmaras 2016}) 12. Qc1 c5 $146 ({Predecessor:} 12... Ne8 13. b4 f5 14. Rd1 Rc8 15. Qe3 d5 16. cxd5 Bxd5 17. Ng5 Nef6 18. f3 Rfe8 19. Qd2 {½-½ (61) Galaktionov,A (2181)-Isaykin,A (1973) Kazan 2016}) 13. b3 d5 {Black is slightly better.} 14. dxc5 Nxc5 15. Nd2 Bxg2 16. Kxg2 e5 17. cxd5 Nxd5 18. Bb4 Nxb4 19. axb4 Ne6 {[%cal Bc5e6,Be6d4,Bd4b5,Bb5c3][%mdl 32]} 20. Qc3 Nd4 21. e3 Nb5 22. Qc4 Qd7 {aiming for ...Rac8.} 23. Nf3 Rac8 24. Qe4 (24. Rfd1 $5 {[%cal Rd1d7]} Qe8 25. Qf1 $15) 24... f6 $36 {[%mdl 2048] Black is pushing.} 25. Rfd1 Qf7 {Hoping for ...Nc3.} (25... Qe8 {keeps more tension.} 26. Qf5 g6 27. Qd7 Qxd7 28. Rxd7 Rf7) 26. Qd5 Nc3 $1 {[%cal Rc3d5]} 27. Qxf7+ Rxf7 28. Rd2 Rfc7 29. Ne1 Kf7 30. Kf1 Ke6 31. Rc2 Nb5 32. Rac1 {[#]} Rxc2 $1 33. Rxc2 $17 {[%mdl 4096] Endgame KRN-KRN} Rc3 34. Rb2 g5 35. h3 h5 36. Ke2 Rc1 37. Kd2 {[#]} Ra1 $1 38. f3 (38. Ke2 $17) 38... Kd5 $19 39. Ke2 Kc6 ({Black should play} 39... Nc3+ $19 40. Kf1 Na2 41. e4+ Kd6) 40. Rc2+ $17 Kd7 41. Rd2+ (41. Nd3 $1 $15) 41... Ke6 42. g4 (42. Rc2 $142) 42... Nc3+ $19 43. Kf2 h4 44. Rc2 Nd5 45. b5 Rb1 46. Rc6+ Ke7 47. Nd3 Rxb3 {[%mdl 64] Double Attack} 48. Ke2 $2 {[#]} (48. e4 Rxd3 49. exd5) 48... Rxd3 $1 {[%mdl 576] Remove Defender, Decoy. Black is clearly winning.} 49. Kxd3 Nb4+ {[%mdl 64] Double Attack} 50. Ke4 Nxc6 51. bxc6 a5 {Accuracy: White = 26%, Black = 74%.} 0-1

[Event "XXX Roquetas de Mar Open 2019"]
[Site "Roquetas de Mar"]
[Date "2019.01.07"]
[Round "9"]
[White "Nguyen, Piotr"]
[Black "Kantor, Gergely"]
[Result "1-0"]
[WhiteElo "2403"]
[BlackElo "2514"]
[Annotator "TA"]
[PlyCount "59"]
[EventDate "2019.01.02"]
[EventType "swiss"]
[EventCountry "ESP"]
[SourceTitle "playchess.com"]
[Source "ChessBase"]
[SourceQuality "1"]

{[%evp 29,59,47,58,53,69,47,254,246,253,266,351,358,337,353,344,317,706,601,673,666,1016,888,2126,1955,1954,1754,29993,29994,29995,29996,29996,29997]} 1. c4 Nf6 2. g3 e6 3. Bg2 d5 4. Nf3 Be7 5. O-O O-O 6. b3 d4 7. e3 c5 8. exd4 cxd4 9. Re1 Nc6 10. d3 Nd7 11. Na3 {A14: English Opening: 1...e6 with b3 by White} (11. Ba3 Re8 12. Bxe7 Rxe7 13. a3 a5 14. Nbd2 Nc5 15. Ne4 Nxe4 16. Rxe4 e5 17. Re1 Bg4 18. h3 Bh5 {½-½ (36) Aronian,L (2799)-Nakamura,H (2792) Saint Louis 2017}) 11... e5 12. Nc2 a5 13. Rb1 f6 14. a3 {[%cal Ba2a3,Ba3b4,Bb4b5][%mdl 32]} Nc5 15. b4 axb4 {LiveBook: 5 Games} 16. axb4 Na4 {aiming for ...Nc3.} 17. Bd2 $1 Bf5 $2 ({Better is} 17... Bg4 $14) 18. b5 $18 Nb8 {[#]} 19. Nfxd4 $1 {[%mdl 576] Discovered Attack} exd4 20. Bxb7 {[#]} Ra7 $146 21. Bd5+ Kh8 22. Nxd4 Bxd3 $2 (22... Bd7 23. Ra1 Bc5) 23. Ne6 {[%mdl 64] [#] Double Attack} Qc8 24. Ra1 Nb2 25. Qg4 {[%csl Ge6][%cal Rg4g7]} Bc5 26. Rxa7 {[%csl Ga7,Ge6][%cal Rg4g7]} Bg6 27. Rc7 Nd3 28. Rxc8 {White mates.} Bxf2+ 29. Kf1 {[%cal Rc8f8]} Rxc8 30. Nf4 {[%mdl 64] Discovered Attack (Double check)} 1-0

[Event "XXX Roquetas de Mar Open 2019"]
[Site "Roquetas de Mar"]
[Date "2019.01.07"]
[Round "9"]
[White "Arjun Kalyan"]
[Black "Frolyanov, Dmitry"]
[Result "1/2-1/2"]
[WhiteElo "2395"]
[BlackElo "2517"]
[Annotator "TA"]
[PlyCount "64"]
[EventDate "2019.01.02"]
[EventType "swiss"]
[EventCountry "ESP"]
[SourceTitle "playchess.com"]
[Source "ChessBase"]
[SourceQuality "1"]

{[%evp 26,64,30,16,28,29,27,18,22,15,27,10,27,30,20,6,6,6,6,4,35,12,41,18,33,13,20,21,48,7,7,6,41,41,43,45,50,50,46,43,58]} 1. e4 e5 2. Nf3 Nf6 3. Nxe5 d6 4. Nf3 Nxe4 5. d4 d5 6. Bd3 Bd6 7. O-O O-O 8. c4 c6 9. Nc3 Nxc3 10. bxc3 dxc4 11. Bxc4 Bg4 12. h3 Bh5 {C42: Petroff Defence: 3 Nxe5 and unusual White 3rd moves} 13. g4 Bg6 14. Ne5 {[#] LiveBook: 4 Games} b5 $146 {The position is equal.} ({Predecessor:} 14... Nd7 15. f4 b5 16. Nxg6 hxg6 17. Bb3 Nb6 18. Qf3 Qd7 19. f5 Nd5 20. fxg6 fxg6 21. Bxd5+ cxd5 22. Qxd5+ {1-0 (45) So,W (2710)-Ipatov,A (2584) Tromsoe 2013}) 15. Nxg6 hxg6 16. Bb3 Nd7 17. Qf3 Rc8 18. a4 b4 19. cxb4 Bxb4 20. Bf4 Qf6 {[#] White must now prevent ...Bd2!} 21. Kg2 c5 22. dxc5 Rxc5 {aiming for ...Rc3.} 23. Rac1 Rxc1 24. Rxc1 Nc5 {next ...g5 is good for Black.} 25. Bc2 a5 26. Be3 Qe5 27. Rd1 Qc3 28. Bxc5 Qxc5 29. Bb3 {White is slightly better.} Qe7 30. Qc6 Qf6 31. Qxf6 gxf6 32. Rd7 g5 {Precision: White = 64%, Black = 52%.} 1/2-1/2

[Event "XXX Roquetas de Mar Open 2019"]
[Site "Roquetas de Mar"]
[Date "2019.01.07"]
[Round "9"]
[White "Lianes Garcia, Marcos"]
[Black "Carlsson, Pontus"]
[Result "1/2-1/2"]
[WhiteElo "2331"]
[BlackElo "2463"]
[Annotator "TA"]
[PlyCount "74"]
[EventDate "2019.01.02"]
[EventType "swiss"]
[EventCountry "ESP"]
[SourceTitle "playchess.com"]
[Source "ChessBase"]
[SourceQuality "1"]

{[%evp 22,74,41,41,37,22,33,39,39,45,70,20,63,72,45,40,33,31,39,35,39,43,58,15,11,13,8,8,27,16,66,0,39,0,0,0,0,0,0,0,0,0,0,0,0,0,0,0,0,0,0,0,0,0,0]} 1. d4 Nf6 2. c4 e6 3. Nf3 b6 4. g3 Ba6 5. b3 Bb7 6. Bg2 Bb4+ 7. Bd2 a5 8. O-O O-O 9. a3 Be7 10. Nc3 d5 {E15: Queen's Indian: 4 g3 sidelines, 4 g3 Ba6 and 4 g3 Bb7 early deviations} 11. Qc2 (11. cxd5 exd5 12. Qc2 Re8 13. Rfd1 Nbd7 14. Bf4 c6 15. Ne5 Nf8 16. e4 Rc8 17. exd5 cxd5 18. Qd3 {½-½ (45) Brunello,S (2567)-Mamedyarov,S (2747) Reykjavik 2016}) 11... Na6 12. Rfd1 {LiveBook: 4 Games} c5 {White is slightly better.} 13. cxd5 exd5 14. Bf4 Qc8 15. Na4 Qc6 16. Bh3 $146 (16. dxc5 {looks sharper.} bxc5 17. Rac1 Rfe8 18. Ng5 g6 19. Be5) ({Predecessor:} 16. Rac1 Ne4 17. Nd2 f5 18. Nxe4 fxe4 {0-1 (31) Kummer,H (2380)-Polak,T (2470) Austria 1998}) 16... Bd6 17. Bxd6 Qxd6 18. dxc5 Nxc5 19. Nxc5 bxc5 20. Rac1 a4 21. bxa4 Ba6 22. e4 (22. Nh4 {keeps more tension.} g6 23. Bg2 Bc8 24. Qxc5 Qxc5 25. Rxc5 Rxa4 26. Bxd5 Nxd5 27. Rcxd5 Rxa3 28. Ng2) 22... Nxe4 {[#]} 23. Qxe4 $1 {[%mdl 512]} dxe4 24. Rxd6 exf3 25. Rxc5 Be2 26. a5 ({White should try} 26. Bd7 $14) 26... Rfb8 27. Rb6 {[#] Rxb8+ is the strong threat.} Rd8 {( -> ...Rd1+). The position is equal.} 28. Rb1 g6 29. Bf1 Rd3 30. a4 Bxf1 31. Rxf1 $11 {[%mdl 4096] Endgame KRR-KRR} Ra3 32. h3 Rxa4 33. Rc3 R8xa5 34. Rxf3 Ra1 35. Rxa1 Rxa1+ 36. Kg2 h5 37. h4 Kg7 {Accuracy: White = 63%, Black = 60%.} 1/2-1/2

[Event "XXX Roquetas de Mar Open 2019"]
[Site "Roquetas de Mar"]
[Date "2019.01.07"]
[Round "9"]
[White "Gines Esteo, Pedro Antonio"]
[Black "Tejedor Fuente, Enrique"]
[Result "0-1"]
[WhiteElo "2318"]
[BlackElo "2428"]
[Annotator "TA"]
[PlyCount "48"]
[EventDate "2019.01.02"]
[EventType "swiss"]
[EventCountry "ESP"]
[SourceTitle "playchess.com"]
[Source "ChessBase"]
[SourceQuality "1"]

{[%evp 17,48,-3,10,-61,-73,-63,-88,-57,-63,-64,-36,-31,-16,-22,-29,-25,-21,-250,-250,-208,-204,-305,-268,-406,-405,-877,-874,-1412,-1387,-1929,-1890,-2464,-1660]} 1. d4 Nf6 2. Nf3 d5 3. c4 e6 4. g3 dxc4 5. Bg2 a6 6. O-O Nc6 7. e3 Rb8 8. Qe2 {E04: Open Catalan: 5 Nf3} b5 9. Rd1 (9. b3 cxb3 10. axb3 Bd6 11. Rd1 Qe7 12. Bb2 O-O 13. Rc1 Bb7 14. Ne5 Nb4 15. Bxb7 Rxb7 {1-0 (52) So,W (2778)-Mamedyarov,S (2808) Leuven 2018}) 9... Be7 {LiveBook: 8 Games} 10. Ne5 (10. Bd2 $11) 10... Nxe5 $15 11. dxe5 Nd7 $1 {[%cal Bf6d7,Bd7e5,Be5f3,Bf3g5,Bg5e4][%mdl 32]} 12. b3 $146 ({Predecessor:} 12. f4 Bc5 13. Bc6 Qe7 14. a4 O-O 15. axb5 axb5 {½-½ (42) Vinokur,Y (2131)-Solozhenkina,E (2258) Yaroslavl 2018}) 12... cxb3 13. axb3 O-O 14. Bc6 {aiming for Rd3.} Rb6 15. Qc2 Rxc6 16. Qxc6 Nxe5 17. Qc2 $2 {[#]} (17. Rxd8 $11 {and White is okay.} Nxc6 18. Rxf8+ Kxf8 19. Ba3) 17... Nf3+ $1 $19 18. Kf1 Bd6 19. Ke2 (19. Ba3 {might work better.}) 19... Qf6 20. Bb2 {[#]} (20. Nd2 $142 Ng1+ 21. Rxg1 Qxa1 22. Ne4) 20... e5 $1 {Hoping for ...Bg4.} 21. Qe4 (21. Nd2 $142 Nxd2 22. Kxd2) 21... Ng5 {Black is clearly winning.} 22. Qh4 Qf3+ 23. Ke1 Ne4 {[%csl Ge4][%cal Rf3f2]} 24. Rd2 Bg4 {Accuracy: White = 18%, Black = 84%.} 0-1

[Event "XXX Roquetas de Mar Open 2019"]
[Site "Roquetas de Mar"]
[Date "2019.01.07"]
[Round "9"]
[White "Radnai, Adam"]
[Black "Maiorov, Nikita"]
[Result "0-1"]
[WhiteElo "2275"]
[BlackElo "2524"]
[Annotator "TA"]
[PlyCount "92"]
[EventDate "2019.01.02"]
[EventType "swiss"]
[EventCountry "ESP"]
[SourceTitle "playchess.com"]
[Source "ChessBase"]
[SourceQuality "1"]

{[%evp 30,92,29,22,25,23,23,0,17,10,35,22,22,20,22,0,21,0,29,-29,-34,-36,-29,-57,-51,-55,-55,-56,-56,-56,-61,-61,-58,-62,-61,-62,-55,-48,-52,-52,0,-44,-38,-52,-43,-34,-69,-72,-85,-157,-143,-223,-226,-299,-289,-293,-286,-245,-249,-336,-297,-370,-424,-508,-478]} 1. d4 Nf6 2. Bf4 e6 3. e3 c5 4. Nf3 cxd4 5. exd4 Be7 6. c3 b6 7. h3 Bb7 8. Nbd2 O-O 9. Bd3 d6 10. O-O Nbd7 11. Qe2 a6 {A47: 1 d4 Nf6 2 Nf3 b6: Torre, London and Colle Systems} 12. a4 Re8 13. Bh2 Bf8 (13... h6 14. Rfe1 Bf8 15. Nc4 Qc7 16. Ne3 Nd5 17. Nxd5 Bxd5 18. Bxa6 Bxf3 19. gxf3 {1-0 (34) Carlsen,M (2837)-Akobian,V (2647) Riadh 2017}) 14. Rfe1 Qc8 15. Nc4 Qc6 16. Qf1 {LiveBook: 5 Games} g6 {[#]} 17. Ncd2 $146 ({Predecessor:} 17. Nfd2 Nd5 18. Ne3 Nxe3 19. fxe3 {1-0 (33) Saric,A (2547)-Biliskov,V (2353) Zadar 2013}) 17... Qc8 18. Nc4 Qc7 19. Qe2 Ra7 20. Ncd2 Qc6 21. Qf1 Qc8 22. Qe2 Qa8 23. Qf1 Bc6 24. Nc4 (24. Ng5 $142) 24... Bxf3 $11 25. gxf3 d5 26. Na3 Nh5 27. Nc2 Bh6 28. Nb4 {[%cal Rd3a6]} a5 29. Nc2 {[%cal Bb4c2,Bc2e3,Be3g4][%mdl 32]} Bf4 30. Qg2 Qb8 31. Ne3 Rf8 32. Bb5 Kh8 33. Ng4 Qd6 34. Bxf4 Nxf4 (34... Qxf4 $15 35. Rad1 Rc8) 35. Qh2 g5 $1 36. h4 {[#] Strongly threatening Bxd7.} f5 37. Ne5 Nxe5 38. Rxe5 Rg7 {[%cal Ba7g7,Bg7g6,Bg6h6,Bh6h4,Bh4h2,Bh2g2][%mdl 32]} 39. Kf1 {[#]} ({White should try} 39. hxg5 Rxg5+ 40. Kf1) 39... Qe7 $1 $17 40. Rae1 (40. Rd1 $17) 40... Rg6 $19 41. R1e3 Rh6 42. Ke1 Rxh4 43. Qg1 Qf6 44. Kd2 Qh6 45. Re1 Rh2 46. Kc2 Rg2 {Accuracy: White = 38%, Black = 78%.} 0-1